| 000 | 01060nam0a22003251 4500 | ||
|---|---|---|---|
| 001 | v19\rc\1972399 | ||
| 005 | 20251118181122.9 | ||
| 035 | _a(NLR Aleph) 005056734 | ||
| 090 |
_a6952716 _c6952716 |
||
| 100 | _a20080623d1914 u y0rusy50 ca | ||
| 101 | 0 | _arus | |
| 102 | _aRU | ||
| 105 | _ay z ||||| | ||
| 200 | 1 |
_aКонспект уголовного процесса _eСост. согласно послед. унив. прогр. по учеб. проф. Познышева _fС. Зен |
|
| 210 |
_aМосква _cСовременность _d1914 |
||
| 215 |
_a147 с. _d17 |
||
| 532 | 1 | 3 | _aКонспект уголовного процесса |
| 700 | 1 |
_aЗен _bС. _4220 |
|
| 702 | 1 |
_aПознышев _bС.В. _f1870- _gСергей Викторович _4100 |
|
| 801 | 0 |
_aRU _bNLR _gpsbo |
|
| 801 | 0 |
_aRU _bRuMoRGB _2psbo |
|
| 801 | 1 |
_aRU _bProSoft-M _2rusmarc |
|
| 852 |
_aNLR _j37.40.6.50 |
||
| 899 |
_aRuMoRGB _jV 37/167 |
||
| 899 | _aБАН | ||
| 899 | _aГПИБ | ||
| 899 | _aНБ МГУ | ||
| 942 | _cBOOK | ||
| 980 | _aNB | ||